000 00737nas a2200277 4500
001 BR9207299
003 BR-BrBNA
005 20231205095015.0
007 ta
008 230509b bl.|||p| |||| 00| 00por d
040 _aBR-BrBNA
_bpor
_cBiblioteca Nacional de Agricultura
041 _a(Pt)
072 _aF01
100 1 _aAnon.
245 1 _aCanela-da-india, capim-limao, caqui, cara, carambola [pratica cultural]
650 _aCanela
650 _aCapim Limao
650 _aCaqui
650 _aInhame
650 _aCarambola
650 _aPratica Cultural
650 _aPratico
773 0 _tGuia Rural (Brazil)
_x
_g(Dec 1991), p. 68-72
_wBR9207299
909 _a202311
_bLúcia
_c55
_dLúcia Elande
942 _2AGRIS
_n0
_cANA
999 _c148211
_d148211